Statistics for NRL - 100 Best Players Of the 2000's

Click here to take the quiz!

General Stats

  • This quiz has been taken 58 times
  • The average score is 19 of 80

Answer Stats

HintTigersAnswer% Correct
CowboysThurston
92%
BroncosLockyer
84%
StormSmith
84%
KnightsJohns
82%
StormCronk
76%
StormSlater
76%
SouthsInglis
71%
TigersMarshall
61%
SharksGallen
47%
EelsHayne
45%
TitansPrince
45%
ManlyStewart
42%
ManlyStewart
42%
PanthersCleary
39%
EelsHindmarsh
39%
RaidersCroker
37%
TigersFarah
34%
WarriorsJohnson
34%
StormJohnson
34%
BroncosThaiday
34%
CowboysBowen
32%
BroncosParker
32%
RoostersPearce
32%
KnightsBuderus
29%
ManlyCherry-Evans
29%
SharksLewis
29%
KnightsGidley
26%
ManlyLyon
26%
BuldogsAnasta
24%
SouthsBurgess
24%
BuldogsEl Masri
24%
RoostersFittler
24%
BroncosHodges
24%
SouthsReynolds
24%
EelsBurt
21%
BroncosCivoniceva
21%
DragonsHornby
21%
BuldogsMason
21%
CowboysMorgan
21%
RaidersWighton
21%
DragonsCooper
18%
PanthersWesser
18%
SharksEnnis
16%
StormHoffman
16%
DragonsGasnier
13%
WarriorsMannering
13%
TitansRogers
13%
TitansBailey
11%
DragonsCreagh
11%
TigersHodgson
11%
WarriorsJones
11%
TigersLawrence
11%
SouthsSutton
11%
EelsCayless
8%
PanthersGower
8%
ManlyMenzies
8%
PanthersPriddis
8%
KnightsSimpson
8%
DragonsYoung
8%
RoostersCordner
5%
WarriorsFriend
5%
TitansMeed
5%
KnightsMullen
5%
CowboysO'Donnell
5%
RaidersRapana
5%
RaidersSezer
5%
SharksBird
3%
RoostersFitzgibbon
3%
TitansJames
3%
SharksKimmorley
3%
BuldogsPatten
3%
WarriorsVatuvai
3%
TigersHalatau
0%
SouthsLuke
0%
RoostersMinochello
0%
BuldogsPritchard
0%
EelsReddy
0%
CowboysTaumilolo
0%
RaidersTongue
0%
PanthersWaterhouse
0%

Score Distribution

Percentile by Number Answered

Percent of People with Each Score

Your Score History

You have not taken this quiz